Fr. Conceicao Rodrigues College of Engineering

Oracle 10g SQL (Record no. 25319)

MARC details
000 -LEADER
fixed length control field 00334nam a2200169Ia 4500
082 ## - DEWEY DECIMAL CLASSIFICATION NUMBER
Classification number 005.133/CAS
Item number CAS
100 ## - MAIN ENTRY--PERSONAL NAME
Personal name Casteel/Joan
245 ## - TITLE STATEMENT
Title Oracle 10g SQL
260 ## - PUBLICATION, DISTRIBUTION, ETC.
Name of publisher, distributor, etc. Thomsan Learning
Date of publication, distribution, etc. 2007
366 ## - TRADE AVAILABILITY INFORMATION
Publishers's discount category 20
300 ## - PHYSICAL DESCRIPTION
Extent 617
546 ## - LANGUAGE NOTE
Language note ENGLISH
650 ## - SUBJECT ADDED ENTRY--TOPICAL TERM
Topical term or geographic name entry element Oracle
654 ## - SUBJECT ADDED ENTRY--FACETED TOPICAL TERMS
Focus term oracle
942 ## - ADDED ENTRY ELEMENTS (KOHA)
Koha item type BOOK
Holdings
Withdrawn status Lost status Damaged status Not for loan Collection Home library Current library Date acquired Source of acquisition Cost, normal purchase price Inventory number Total Checkouts Full call number Barcode Date last seen Cost, replacement price Price effective from Koha item type
        CRC Fr. Agnel's C.Rodrigues College of Engineering Fr. Agnel's C.Rodrigues College of Engineering 17/03/2023 Dharma Enterprises 477.60 298 dt 28/04/2009   005.133/CAS CAS 19628 17/03/2023 597.00   BOOK